|
|
|
|
| LEADER |
00000cam a22000004a 4500 |
| 001 |
musev2_89097 |
| 003 |
MdBmJHUP |
| 005 |
20230905052950.0 |
| 006 |
m o d |
| 007 |
cr||||||||nn|n |
| 008 |
181210s2019 ncu o 00 0 eng d |
| 010 |
|
|
|z 2018044268
|
| 020 |
|
|
|a 9781478003359
|
| 020 |
|
|
|z 9781478001881
|
| 020 |
|
|
|z 9781478002895
|
| 020 |
|
|
|z 9781478090014
|
| 035 |
|
|
|a (OCoLC)1126206519
|
| 040 |
|
|
|a MdBmJHUP
|c MdBmJHUP
|
| 043 |
|
|
|a ae-----
|a a-ja---
|a n-us---
|
| 050 |
0 |
4 |
|a DS518.45
|b .C46 2019
|
| 082 |
0 |
|
|a 303.48/25052
|2 23
|
| 100 |
1 |
|
|a Ching, Leo T. S.,
|d 1962-
|e author.
|
| 245 |
1 |
0 |
|a Anti-Japan :
|b The Politics of Sentiment in Postcolonial East Asia /
|c Leo T.S. Ching.
|
| 264 |
|
1 |
|a Durham :
|b Duke University Press,
|c 2019.
|
| 264 |
|
3 |
|a Baltimore, Md. :
|b Project MUSE,
|c 2021
|
| 264 |
|
4 |
|c ©2019.
|
| 300 |
|
|
|a 1 online resource (176 pages):
|b illustrations ;
|
| 336 |
|
|
|a text
|b txt
|2 rdacontent
|
| 337 |
|
|
|a computer
|b c
|2 rdamedia
|
| 338 |
|
|
|a online resource
|b cr
|2 rdacarrier
|
| 504 |
|
|
|a Includes bibliographical references (pages 153-160) and index.
|
| 505 |
0 |
|
|a When Bruce Lee meets Gojira : transimperial characters, anti-Japanism, anti-Americanism, and the failure of decolonization -- "Japanese devils" : the conditions and limits of anti-Japanism in China -- Shameful bodies, bodily shame : "comfort women" and anti-Japanism in South Korea -- Colonial nostalgia or postcolonial anxiety : the Dōsan generation in-between "retrocession" and "defeat" -- "In the name of love" : critical regionalism and co-viviality in post-East Asia -- Reconciliation otherwise : intimacy, indigeneity, and the Taiwan difference.
|
| 588 |
|
|
|a Description based on print version record.
|
| 651 |
|
0 |
|a United States
|x Foreign public opinion, East Asian.
|
| 651 |
|
0 |
|a Japan
|x Foreign public opinion, East Asian.
|
| 651 |
|
0 |
|a United States
|x Relations
|z East Asia.
|
| 651 |
|
0 |
|a East Asia
|x Relations
|z United States.
|
| 651 |
|
0 |
|a Japan
|x Relations
|z East Asia.
|
| 651 |
|
0 |
|a East Asia
|x Relations
|z Japan.
|
| 650 |
|
0 |
|a Imperialism
|x History
|y 20th century.
|
| 650 |
|
0 |
|a Nationalism
|z Japan
|x History.
|
| 650 |
|
0 |
|a World War, 1939-1945
|x Influence.
|
| 655 |
|
7 |
|a Electronic books.
|2 local
|
| 776 |
1 |
8 |
|i Online version:
|a Ching, Leo T. S., 1962- author.
|t Anti-Japan
|d Durham : Duke University Press, 2019
|z 9781478003359
|w (DLC) 2018059395
|
| 710 |
2 |
|
|a Project Muse.
|e distributor
|
| 830 |
|
0 |
|a Book collections on Project MUSE.
|
| 856 |
4 |
0 |
|z Texto completo
|u https://projectmuse.uam.elogim.com/book/89097/
|
| 945 |
|
|
|a Project MUSE - Custom Collection
|